Statistics for Lyric Quiz: Eminem - Space Bound

Click here to take the quiz!

General Stats

  • This quiz has been taken 547 times
  • The average score is 43 of 102

Answer Stats

Hint Answer % Correct
We touch, I feel a ____rush
98%
Gained my ____trust
92%
'Cause you just did the ____impossible
89%
What's in ____ for usstore
89%
We ____, it isn't much clutch
88%
Don't play games, it'll be ____dangerous
86%
But it's enough to __ __ __make me wonder
82%
It's the ____ I've chosen to gopath
81%
Spell it ____ I'll show yabackwards
81%
It's no one's ____ but my ownfault
80%
Walk down __ __ all alonethis road
77%
And __ __ __love is evil
76%
Nobody knows me, I'm ____cold
76%
If you f*** me over, 'cause if I get ____ burned
73%
It's lust, it's ____torturous
71%
Imma show you what it's like ­__ __to hurt
68%
'Cause I've been __ __ __ before yatreated like dirt
68%
Frozen as ____snow
68%
I got a ____ in my hearthole
64%
No __ __ these motherf***in' hoeslove for
64%
You take my ____ awaybreath
64%
Some kind of emotional __ __roller coaster
63%
You're a ____supernova
63%
And your heart's the ____moon
61%
And I'm __ __ at you, right at youaiming right
60%
And I'm aiming __ __ you, right at youright at
60%
What the f*** is __ __ __up with this
60%
I'll do ____ it takeswhatever
59%
Don't ask me __ __ __why I have
58%
And I'm a __ __ __space bound rocketship
57%
When I'm with you I get __ __the shakes
55%
My body ____, when I ain'taches
55%
I've tried in this ____department
55%
I thought it would be like tryna __ __start over
55%
It sucks, but it's ____ whatexactly
55%
There's no ____ on how far I would golimit
53%
But I ain't have __ __ with thisno luck
53%
With you I have __ __zero strength
52%
It's like an ____, everytime I hold yaexplosion
48%
So you ____ with my emotions, so it's overtoy
48%
I wasn't ____ when I told yajoking
48%
Soon as they do ____ changefeelings
44%
250 miles on a __ __ __ __clear night in June
43%
You must be a ____sorceress
43%
No ____, no lengths boundaries
43%
It's no longer ____ that you wantme
41%
We get that ____ that we thinksperson
41%
And your ____'s the moonheart
39%
250 thousand ____ on a clear night in Junemiles
38%
What the f*** does it ____?take
38%
We get them it's __ __ __never the same
38%
I wasn't looking when I ____stumbled
37%
And I'm aiming right __ __, right at youat you
37%
On to you, must have been ____fate
36%
'Cause I'm a space ____ ____bound rocketship
36%
And I'm aiming __ __ __, right at youright at you
36%
Before the door ____ in your faceshuts
34%
Ain't on no ____ for no mateconquest
34%
But I __ __ so much it hurtslove you
33%
Why do __ __ __ untilwe say that
33%
Something I won't __ __go on
32%
Never ____ you oncemistreated
32%
I show no ____ whatsoever soemotions
32%
It's not a ____ and Icontest
31%
I'm tryna __ __ from leavingstop you
30%
So after a __ __ __ __year and six months
29%
Let's cuz to __ __the chase
29%
I won't be __ __ __making a mistake
29%
Lay here and __ __ __ __die in your arms
28%
You won't even ____ so f*** itlisten
27%
Gonna be that one and __ __then once
27%
I put both hands on your ____throat
26%
But so much is __ __at stake
26%
Let down __ __, swear to Godmy guard
26%
I'm tryna stop you from ____breathing
24%
Blood sucking ____succubuses
24%
I blow __ __ in your lapmy brains
24%
I ____ my heart out to youpour
24%
Promise me if I __ __ and breakcave in
23%
I sit on __ __ __ squeezingtop of you
22%
And leave ____ open thatmyself
21%
Drop to my knees and I'm ____bleeding
21%
Till I snap your neck like a __ __popsicle stick
20%
And before I put that ____gun
18%
To my ____ I told you thistemple
17%
Ain't no ____ reason I can think of to letpossible
17%
Tears __ __ both of my cheeksstream down
15%
Everytime you __ __look up
15%
250 ____ miles on a clear night in Junethousand
15%
'Cause I'm __ __ __ rocketshipa space bound
14%
And __ __'s the moonyour heart
14%
And I'm __ __ __ __, right at youaiming right at you
14%
And I would have did __ __ __anything for you
14%
Just ____ me you'll think of mepromise
13%
But it's __ __, it's too late to save our loveover now
13%
And I'm so __ __ __lost without you
12%
In the sky and __ __ __see a star
12%
__ __Without you
12%
To show you how much I ____ youadored
11%
You wanna ____, they don't want youwin
9%
Now I let you go and __ __just give
7%
You __ __ __ __ __ house and let you livewalk up out of this
4%

Score Distribution

Percentile by Number Answered

Percent of People with Each Score

Your Score History

You have not taken this quiz